000
00291nam a2200121Ia 4500
008
191201s2010 xx 000 0 und d
100
_a
GRADE,RJ
245
0
_a
Engineering Fluid Mechanics
260
_a
N. delhi
_b
Nem Chand
_c
2010
300
_a
732
650
_a
B.Tech(CE)
942
_2
ddc
_c
BK
_0
2
999
_c
5919
_d
5919